Analýza morfológie karbidov v časticiach rýchlo stuhnutého prášku nástrojovej ocele Ch3F12 : Diplomová práca

Na minha lista:
Detalhes bibliográficos
Autor principal: Moravec, Rastislav (Author)
Outros Autores: Kusý, Martin, 1975- (xxx)
Formato: Manuscrito Livro
Idioma:eslovaco
Publicado em: Trnava : STU v Bratislave MtF KMI, 2000
Assuntos:
Tags: Adicionar Tag
Sem tags, seja o primeiro a adicionar uma tag!

MARC

LEADER 00000ntm a22000003a 4500
001 stu85627
005 20160719154727.1
008 040405s2000----xo------------------slo-d
040 |a STU  |b slo 
041 0 |a slo 
044 |a xo 
100 1 |a Moravec, Rastislav  |4 aut 
245 1 |a Analýza morfológie karbidov v časticiach rýchlo stuhnutého prášku nástrojovej ocele Ch3F12 :  |b Diplomová práca 
260 |a Trnava :  |b STU v Bratislave MtF KMI,  |c 2000 
300 |a 59 s 
650 7 |a technológie strojárskej výroby  |2 stusub 
650 7 |a tepelné spracovanie  |2 stusub 
700 1 |a Kusý, Martin,  |d 1975-  |4 xxx  |u M1000  |U MTF Materiálovotechnologická fakulta  |T MTF Ústav materiálov  |X 2764  |U M1000  |Y 81  |7 A000002764